| 000 | 00553nam a22002177a 4500 | ||
|---|---|---|---|
| 005 | 20260216152455.0 | ||
| 008 | 260216b |||||||| |||| 00| 0 eng d | ||
| 020 | _cRs. 700.00 | ||
| 040 | _aMAIN | ||
| 082 |
_a294.5436 _bL149M |
||
| 100 | _aLakshmanjoo, Swami | ||
| 245 | _aMystery of vibrationless-vibration in Kashmir Shaivism | ||
| 250 | _a2nd | ||
| 260 |
_aJammu _bKashmir Shaiva Institue _c2022 |
||
| 300 | _axxii, 323 | ||
| 650 | _aReligious | ||
| 650 | _aHinduism | ||
| 650 | _aShaivism | ||
| 700 | _aHughes, John, ed. | ||
| 942 | _cBK | ||
| 999 |
_c397020 _d397020 |
||